000 00670nam a2200289Ia 4500
005 20260324140828.0
008 008 260324s9999 xx 000 0 eng d
020 _a9781315126371
037 _aEBOOK
040 _aCRL
040 _beng
040 _cCRL
041 _2eng
041 _aeng
084 _qCRL
100 _aMario Bunge
_91054701
245 0 _aPhilosophy of Science
245 0 _bVolume 1, From Problem to Theory
260 _bTaylor and Francis
260 _c1998
365 _a
365 _b255
856 _uhttp://www.taylorfrancis.com/books/9781315126371
942 _cEBOOK
999 _c1808354
_d1808354